Behind the silken curtain : (Record no. 27475)
[ view plain ]
| 000 -LEADER | |
|---|---|
| fixed length control field | 00889cam a22002531 4500 |
| 001 - CONTROL NUMBER | |
| control field | 27475 |
| 003 - CONTROL NUMBER IDENTIFIER | |
| rucl marc code | BD-RjUL |
| 005 - DATE AND TIME OF LATEST TRANSACTION | |
| control field | 20211209051147.0 |
| 008 - FIXED-LENGTH DATA ELEMENTS--GENERAL INFORMATION | |
| fixed length control field | 140325t1947 nyub 000 0 eng d |
| 035 ## - SYSTEM CONTROL NUMBER | |
| System control number | (BD-RjUL)27549 |
| System control number | (OCoLC)1534351 |
| 040 ## - CATALOGING SOURCE | |
| Original cataloging agency | DLC |
| Transcribing agency | OClU |
| Modifying agency | OCoLC |
| -- | DLC |
| -- | BD-RjUL |
| Language of cataloging | eng |
| 041 ## - LANGUAGE CODE | |
| Language code of text/sound track or separate title | eng |
| 082 00 - DEWEY DECIMAL CLASSIFICATION NUMBER | |
| Classification number | 956.9 |
| Author mark and year | CRB 1947 |
| 100 1# - MAIN ENTRY--PERSONAL NAME | |
| Personal name | Crum, Bartley Cavanaugh, |
| Dates associated with a name | 1900-1959. |
| 9 (RLIN) | 84407 |
| 245 10 - TITLE STATEMENT | |
| Title | Behind the silken curtain : |
| Remainder of title | a personal account of Anglo-American diplomacy in Palestine and the Middle East / |
| Statement of responsibility, etc. | by Bartley C. Crum. |
| 260 ## - PUBLICATION, DISTRIBUTION, ETC. (IMPRINT) | |
| Place of publication, distribution, etc. | New York : |
| Name of publisher, distributor, etc. | Simon and Schuster, |
| Date of publication, distribution, etc. | c1947. |
| 300 ## - PHYSICAL DESCRIPTION | |
| Pagination | xiv, 297 p. ; |
| Size | 21 cm. |
| 610 20 - SUBJECT ADDED ENTRY--CORPORATE NAME | |
| Corporate name or jurisdiction name as entry element | Anglo-American Committee of Inquiry on Jewish Problems in Palestine and Europe. |
| 651 #0 - SUBJECT ADDED ENTRY--GEOGRAPHIC NAME | |
| Geographic name | Palestine |
| General subdivision | Politics and government. |
| 9 (RLIN) | 84409 |
| 942 ## - ADDED ENTRY ELEMENTS (KOHA) | |
| Source of classification or shelving scheme | Dewey Decimal Classification |
| Koha item type | Books |
| Lost status | Source of classification or shelving scheme | Damaged status | Not for loan | Collection code | Permanent Location | Current Location | Shelving location | Date acquired | Source of acquisition | Cost, normal purchase price | Total Checkouts | Full call number | Date last seen | Copy number | Koha item type |
|---|---|---|---|---|---|---|---|---|---|---|---|---|---|---|---|
| Dewey Decimal Classification | Added to bundle | Non-fiction | Central Library, University of Rajshahi | Central Library, University of Rajshahi | Reading Room | 08/11/1966 | Dr. A. I. Quarashi | 14.00 | 956.9 CRB 1947 | 25/03/2014 | C-1 | Books |